| 000 | 00713nam a2200241 i 4500 | ||
|---|---|---|---|
| 008 | |||
| 020 | _a0632033355 (pbk.) | ||
| 040 |
_aMAIN _cNUST _c(32850) _c(33314) _c(34964) |
||
| 090 |
_aRD31 _bELL |
||
| 100 | _aEllis, Harold. | ||
| 245 | 1 | 0 |
_aLecture notes on general surgery / _cHarold Ellis & Roy Yorke Calne. |
| 250 | _a8th ed. | ||
| 260 |
_aOxford : _bBlackwell Scientific Publications, _c1977. |
||
| 300 |
_aix, 395 p. : _bill. ; _c24 cm. |
||
| 500 | _aIncludes index. | ||
| 650 | 0 | _aSurgery. | |
| 700 | _aCalne, Roy Yorke. | ||
| 907 |
_a.b10255849 _b15-05-13 _c14-05-08 |
||
| 003 | |||
| 005 | 20230120204002.0 | ||
| 049 | _aMAIN | ||
| 942 |
_cBOOKS _kRD31 _mELL |
||
| 999 |
_c115067 _d115067 |
||